| 000 | 01075nam a2200325 a 4500 | ||
|---|---|---|---|
| 001 | 6131 | ||
| 003 | BD-RjUL | ||
| 005 | 20211208234206.0 | ||
| 008 | 161005s1921 nyua 001 0 eng d | ||
| 020 | _a0486240746 (pbk. : | ||
| 035 | _a(OCoLC)7703465 | ||
| 035 | _a(OCoLC)ocm07703465 | ||
| 035 | _a(CStRLIN)NYCG84-B79050 | ||
| 035 | _a(BD-RjUL) 6170 | ||
| 035 | _a(NNC)273998 | ||
| 040 |
_aDGPO/DLC _dBD-RjUL _beng _cBD-RjUL |
||
| 041 | _aeng | ||
| 082 | 0 |
_a510.938 _219 _bHEH 1921 |
|
| 090 |
_aQA22 _b.H4 1981 |
||
| 100 | 1 |
_aHeath, Thomas Sir. _d1861-1940. _919287 |
|
| 245 | 1 | 2 |
_aA history of Greek mathematics / _cSir Thomas Heath. |
| 260 |
_alondon; _aNew York : _boxford at the clarendon press _c1921. |
||
| 300 |
_aV. : _bill. ; _c21 cm. |
||
| 500 | _aReprint. Originally published: Oxford : Clarendon Press, 1921. | ||
| 504 | _aIncludes bibliographical references and indexes. | ||
| 505 | 0 | _av. 1. From Thales to Euclid. -- v. 2. From Aristarchus to Diophantus. | |
| 650 | 0 |
_aMathematics, Greek. _919288 |
|
| 942 |
_2ddc _cBK |
||
| 999 |
_c6131 _d6131 |
||